| 000 | 00658nam a2200193 i 4500 | ||
|---|---|---|---|
| 001 | 76853 | ||
| 003 | ES-MaACL | ||
| 005 | 20240420063030.0 | ||
| 007 | t| | ||
| 008 | 041005s1949 sp ||||1| spa d | ||
| 100 | 1 |
_aGullón, Ricardo, _d1908-1991 _960938 |
|
| 245 | 1 | 3 |
_aLa poesía de Jorge Guillén _b: [En torno a Cántico] : (dos ensayos) / _cRicardo Gullón y José Manuel Blecua. |
| 260 |
_aZaragoza : _bHeraldo de Aragón, _c1949. |
||
| 300 |
_a315 p. ; _c18 cm. |
||
| 600 | 1 | 7 |
_aGuillén, Jorge, _d1893-1984. _vCántico _2 _9163783 |
| 700 | 0 |
_aBlecua, José Manuel. _929459 |
|
| 852 |
_aES-MaACL _jB-8476 _bR.29411 |
||
| 999 |
_c76853 _d76853 |
||